| 000 | 01263nam a2200349 i 4500 | ||
|---|---|---|---|
| 999 |
_c200458795 _d77007 |
||
| 001 | 200458795 | ||
| 003 | TR-AnTOB | ||
| 005 | 20231107105102.0 | ||
| 007 | ta | ||
| 008 | 231107s2023 tu b 001 0 tur d | ||
| 020 |
_a9789750286568 _q(paperback) |
||
| 035 | _a(TR-AnTOB)200458795 | ||
| 040 |
_aTR-AnTOB _beng _erda _cTR-AnTOB |
||
| 041 | 0 |
_atur _beng |
|
| 050 | 4 |
_aKKX998 _b.K63354 2023 |
|
| 090 |
_aKKX998 _b.K63354 2023 |
||
| 100 | 1 |
_aKoçak, Hakan _eauthor _9144199 |
|
| 245 | 1 | 0 |
_aReasürans sözleşmeleri / _cDr. Hakan Koçak. |
| 250 | _aBirinci baskı. | ||
| 264 | 1 |
_aAnkara : _bSeçkin Yayıncılık, _c2023. |
|
| 300 |
_a421 pages ; _c24 cm |
||
| 336 |
_atext _btxt _2rdacontent |
||
| 337 |
_aunmediated _bn _2rdamedia |
||
| 338 |
_avolume _bnc _2rdacarrier |
||
| 490 | 0 |
_aSeçkin / Hukuk ; _v3441 |
|
| 504 | _aBIBINDX | ||
| 505 | 0 |
_tReasürans sözleşmelerine ilişkin kavram sorunu -- _tReasürans sözleşmesinin hukuki niteliği -- _tSözleşme öncesi beyan yükümlülüğü -- _tEnflasyon ve döviz kur değişikliklerinin sözleşmeye etkisi -- _tZararların birleştirilmesi. |
|
| 650 | 0 |
_aSigorta hukuku _zTürkiye _927331 |
|
| 650 | 0 |
_aReasürans _xHukuk ve mevzuat _zTürkiye _958030 |
|
| 942 |
_2lcc _cBK |
||